| 000 | 00552nam a22001817a 4500 | ||
|---|---|---|---|
| 003 | OSt | ||
| 008 | 260626b |||||||| |||| 00| 0 eng d | ||
| 020 | _a9789391734800 | ||
| 082 |
_a631.58 _bT36P |
||
| 245 | _aPrecision Farming and Protected Cultivation/by U.Thapa...[et al.] | ||
| 260 |
_aDelhi : _bToday & Tomorrow Printers and Publishers, _c2024. |
||
| 300 | _a339 p. | ||
| 650 | _aAgriculture & Related Technologies | ||
| 650 | _aCultivation and harvesting | ||
| 650 | _aSpecial cultivation methods | ||
| 700 | _aThapa, U. | ||
| 942 |
_2ddc _cBK |
||
| 999 |
_c52348 _d52348 |
||